000 00769nam a2200217 i 4500
001 184062
003 ES-MaACL
005 20250821111429.0
008 150303s2010 sp |||| | spa d
080 _a791.862
100 1 _aTierno Galván, Enrique,
_d1918-1986
_9110235
245 1 4 _aLos toros, acontecimiento nacional /
_cEnrique Tierno Galván ; [prólogo, José Luis Gutiérrez].
260 _aMadrid :
_bLeer,
_c[2010]
300 _a94 p. ;
_c17 cm.
505 8 _aContiene: Tierno y la tauromaquia / José Luis Gutiérrez
650 4 _aCorridas de toros.
_911370
700 1 _aGutiérrez Suárez, José Luis
_961063
852 4 _aES-MaACL
_jA-13433
_9191029
_bR.150272
_cDEPO1
_dOlim: N-6433
942 _2udc
_cMONOGRAFIA
999 _c184062
_d184062